La resurrección de Cristo: nuestra resurrección en la muerte
Gardado en:
| Autor Principal: | |
|---|---|
| Formato: | Libro |
| Idioma: | Lingua castelá |
| Publicado: |
Santander, España:
Sal Terrae,
1980.
|
| Edición: | 2a. ed |
| Series: | Colección Alcance, 17
|
| Subjects: | |
| Tags: |
Engadir etiqueta
Sen Etiquetas, Sexa o primeiro en etiquetar este rexistro!
|
MARC
| LEADER | 00000cam a2200000 a 4500 | ||
|---|---|---|---|
| 001 | UCF6230 | ||
| 003 | CL-VaPUC | ||
| 005 | 20230523105208.0 | ||
| 008 | 130418e19800000SP |||||||||||||||||spa|d | ||
| 999 | |c 351538 |d 351536 | ||
| 020 | |a 84-293-0582-3 | ||
| 040 | |c Pontificia Universidad Católica de Valparaíso | ||
| 082 | 0 | 4 | |a 236.8 BOF 1980 |2 21 |
| 100 | 0 | |a Boff, Leonardo |e autor |9 568270 | |
| 245 | 1 | 3 | |a La resurrección de Cristo: nuestra resurrección en la muerte |
| 250 | |a 2a. ed | ||
| 260 | |a Santander, España: |b Sal Terrae, |c 1980. | ||
| 300 | |a 168 páginas. | ||
| 490 | 0 | |a Colección Alcance, 17 | |
| 583 | |a last modification |c 20130418 10:21:00 |k Rodrigo Vera | ||
| 650 | 0 | |a Escatología |9 314395 | |
| 650 | 7 | |a Resurrección |2 CL-VaPUC |9 314406 | |
| 650 | 0 | |a Teología |9 258766 | |
| 650 | 0 | |a Fe |9 308036 | |
| 942 | |c BK |2 ddc | ||
| 945 | |d 20130418 00:00:00 |a dcastane | ||
| 952 | |0 0 |1 0 |4 0 |6 236_800000000000000_BOF_1980 |7 0 |8 A |9 455690 |a BIBART |b BIBART |d 2019-11-22 |i 4963423 |l 1 |o 236.8 BOF 1980 |p 4963423 |r 2025-04-28 |s 2025-04-25 |w 2019-11-22 |y BK |k ART | ||
| 952 | |0 0 |1 0 |2 ddc |4 0 |6 236_800000000000000_BOF_1980 |7 0 |8 A |9 590146 |a BIBTEO |b BIBTEO |c GEN |d 2023-05-23 |i 5607310 |o 236.8 BOF 1980 |p 5607310 |r 2025-01-17 |t 2 |w 2023-05-23 |y BK |k ICR | ||